000 00302nam a22001097a 4500
082 _a629.224 GRA'A
100 _aGRAHAM, FRANK D
_942150
245 _aAUDELS TRUCK AND TRACTOR GUIDE FOR MECHANICS AND DRIVERS OF GAS AND DIESEL MOTORS
260 _aNEWYORK
_bAUDEL
_c1960
300 _a1298P
942 _cBK
999 _c568926
_d568926